000 00448nam a2200157 i 4500
001 78209
003 ES-MaACL
005 20230906173606.0
007 t|
008 041013s1929 gw ||||1| ger d
100 1 _aHartmann, Nicolai.
_961993
245 1 4 _aDie Philosophie des deutschen idealismes
_b: Hegel /
_cvon Nicolai Hartmann.
260 _aBerlin :
_bWalter de Grunter,
_c1929.
300 _a392 p. ;
_c23 cm.
852 _aES-MaACL
_jB-13658
999 _c78209
_d78209